[Event "FRA-chT U20 0809"]
[Site "Sautron"]
[Date "2009.01.04"]
[Round "7.4"]
[White "Bayart, Jules"]
[Black "Dray, Julien"]
[Result "1-0"]
[WhiteElo "1854"]
[BlackElo "1530"]
[PlyCount "45"]
[EventDate "2008.10.??"]
[EventType "team-tourn"]
[EventRounds "11"]
[EventCountry "FRA"]
[SourceTitle "EXT 2010"]
[Source "ChessBase"]
[SourceDate "2010.11.25"]
[SourceVersion "1"]
[SourceVersionDate "2010.11.25"]
[SourceQuality "1"]

1. e4 c5 2. c3 Nf6 3. e5 Ng8 4. d4 cxd4 5. cxd4 Nc6 6. Nf3 d5 7. Be2 Bf5 8. 0-0 e6 9. a3 f6 10. Bf4 fxe5 11. Nxe5 Nxe5 12. Bxe5 Nf6 13. Qa4+ Nd7 14. Bh5+ Bg6 15. Bg4 Kf7 16. Re1 Nf6 17. Bxe6+ Ke7 18. Bg3 Qb6 19. Bh4 Qc7 20. Nc3 Qd6 21. Nxd5+ Kd8 22. Rac1 h6 23. Qc4 1-0

[Event "FRA-chT U20 0809"]
[Site "Sautron"]
[Date "2009.01.03"]
[Round "5.4"]
[White "Bayart, Jules"]
[Black "Neri, Jean Baptiste"]
[Result "0-1"]
[WhiteElo "1854"]
[BlackElo "1994"]
[PlyCount "72"]
[EventDate "2008.10.??"]
[EventType "team-tourn"]
[EventRounds "11"]
[EventCountry "FRA"]
[SourceTitle "EXT 2010"]
[Source "ChessBase"]
[SourceDate "2010.11.25"]
[SourceVersion "1"]
[SourceVersionDate "2010.11.25"]
[SourceQuality "1"]

1. e4 c5 2. c3 g6 3. d4 cxd4 4. cxd4 d5 5. Nc3 dxe4 6. Bc4 Nc6 7. Qb3 e6 8. d5 Nd4 9. Qd1 Bg7 10. Be3 e5 11. Nge2 Nf5 12. 0-0 Nd6 13. Bb3 Ne7 14. Ng3 0-0 15. Ngxe4 b6 16. Nxd6 Qxd6 17. Nb5 Qd7 18. a4 Bb7 19. d6 Nf5 20. Rc1 Bc6 21. Rxc6 Qxc6 22. Bd5 Qd7 23. Bxa8 Rxa8 24. Qd5 Rd8 25. Rd1 a6 26. Bxb6 Rc8 27. Nc3 Rc6 28. Bc7 Nd4 29. f4 exf4 30. Rxd4 Bxd4+ 31. Qxd4 Rxc7 32. Nd5 Rc1+ 33. Kf2 Rc2+ 34. Ke1 Qe6+ 35. Ne3 Qxe3+ 36. Qxe3 fxe3 0-1

[Event "FRA-ch U12"]
[Site "La Roche sur Yon"]
[Date "2008.04.21"]
[Round "3"]
[White "Bayart, Jules"]
[Black "Lamard, Guillaume"]
[Result "0-1"]
[WhiteElo "1740"]
[BlackElo "2024"]
[PlyCount "90"]
[EventDate "2008.04.21"]
[EventType "swiss"]
[EventRounds "9"]
[EventCountry "FRA"]
[SourceTitle "EXT 2010"]
[Source "ChessBase"]
[SourceDate "2010.11.25"]
[SourceVersion "1"]
[SourceVersionDate "2010.11.25"]
[SourceQuality "1"]

1. e4 c5 2. c3 d5 3. exd5 Qxd5 4. d4 Nf6 5. Nf3 Bg4 6. Be2 Nc6 7. 0-0 e6 8. Be3 cxd4 9. cxd4 Be7 10. Nc3 Qd6 11. Rc1 0-0 12. Qd2 Rac8 13. Rfd1 Rfd8 14. h3 Bh5 15. Bf4 Qb4 16. a3 Qb3 17. Qe3 Qb6 18. b4 a6 19. Na4 Qa7 20. Nc5 Nd5 21. Qd2 Nxf4 22. Qxf4 h6 23. Qe4 Bf6 24. d5 Bg6 25. Qc4 exd5 26. Rxd5 Rxd5 27. Qxd5 Rd8 28. Qb3 Qb6 29. Bd3 Bxd3 30. Nxd3 Nd4 31. Nxd4 Bxd4 32. Nc5 Rc8 33. Qd5 Qf6 34. Qa2 Qg5 35. Qb1 Bxc5 36. bxc5 Rxc5 37. Re1 Re5 38. Rc1 Re8 39. Rc7 b5 40. Rc6 a5 41. Rb6 Qd2 42. Kh2 Qxf2 43. Rxb5 Qf4+ 44. Kh1 Qg3 45. Rf5 Re1+ 0-1